| 000 | 01772cam a22004574i 4500 | ||
|---|---|---|---|
| 003 | PE-LiUPU | ||
| 005 | 20250731173000.0 | ||
| 008 | 150623s1998 sp a rb 000 0 spa d | ||
| 020 | _a8425420121 | ||
| 035 | _a(Sirsi) i9788425420122 | ||
| 040 |
_aPE-LiUPU _bspa _cPE-LiUPU _erda |
||
| 049 | _aPRUA | ||
| 082 | 0 | 4 |
_a225.924 _bG59 _221 |
| 100 | 1 |
_aGnilka, Joachim, _eautor. |
|
| 245 | 1 | 0 |
_aPablo de Tarso : _bapóstol y testigo / _cJoachim Gnilka. |
| 264 | 1 |
_aBarcelona : _bHerder, _c1998. |
|
| 300 |
_a319 páginas : _bilustraciones ; _c25 centímetros |
||
| 336 |
_atext _2rdacontent |
||
| 337 |
_aunmediated _2rdamedia |
||
| 338 |
_avolume _2rdacarrier |
||
| 504 | _aIncluye bibliografía. | ||
| 505 | 0 | _aInvestigación sobre Pablo -- Juventud y educación -- El perseguidor y su vocación -- La actividad misionera -- El desarrollo de las comunidades -- Pablo, el teólogo -- Pablo, el hombre -- Cautividad y muerte -- Cronología -- Imágenes neotestamentarias de Pablo posteriores a El. | |
| 526 | _aSEG42 | ||
| 526 | _aSEG41 | ||
| 526 | _aSEG40 | ||
| 526 | _aSEG39 | ||
| 526 | _aP94 | ||
| 526 | _aP87 | ||
| 526 | _aP86 | ||
| 526 | _aP85 | ||
| 526 | _aP77 | ||
| 526 | _aP76 | ||
| 526 | _aP35 | ||
| 600 | 1 |
_aPablo de Tarso. _d2 a. C. - c. 66 d. C. |
|
| 942 |
_2ddc _cBOOK |
||
| 949 |
_a225.924 G59 _wDEWEY _c1 _i45506 _d2016-11-8 _e2016-11-6 _lCCODEBUL1 _mBUL _n4 _r0 _sY _tBOOK _u2015-6-24 _xTEOLOGIA _PP35 _0COMPRA _o.STAFF. Colección General |
||
| 994 |
_aC0 _bPEPRU |
||
| 596 | _a1 | ||
| 999 |
_a225.924 G59 _wDEWEY _c22367 _i45506 _d22367 _e2018-9-24 _f2021-11-9 _g5 _lCCODEBUL1 _mBUL _n5 _p12.95 _q1 _r0 _sY _tBOOK _u2015-6-24 _xTEOLOGIA _PP35 _0COMPRA _o.STAFF. Colección Teología |
||
| 980 |
_81 _gALBERTO SANCHEZ Responsable de Automatización |
||